100 Największych państw według PKB - Statystyki

Ogólne statystyki
  • Ten quiz został rozwiązany 358 razy
  • Średni wynik to 77 z 100
Statystyki odpowiedzi
Ranking Odpowiedź % Poprawnych
1 Chiny
98%
2 Stany Zjednoczone
98%
5 Niemcy
97%
3 Indie
96%
20 Polska
96%
6 Rosja
96%
10 Brazylia
94%
16 Kanada
94%
9 Francja
93%
4 Japonia
93%
15 Hiszpania
92%
39 Szwecja
92%
8 Wielka Brytania
92%
18 Australia
90%
12 Meksyk
90%
51 Norwegia
90%
11 Włochy
90%
26 Argentyna
89%
35 Belgia
88%
57 Finlandia
88%
7 Indonezja
88%
14 Korea Południowa
88%
36 Szwajcaria
88%
17 Arabia Saudyjska
87%
22 Egipt
87%
27 Holandia
87%
33 Południowa Afryka
87%
50 Portugalia
87%
13 Turcja
86%
40 Ukraina
86%
41 Austria
84%
44 Chile
84%
52 Dania
84%
53 Grecja
84%
25 Iran
84%
43 Kazachstan
84%
24 Pakistan
84%
47 Irak
83%
32 Kolumbia
82%
42 Algieria
81%
46 Czechy
81%
83 Litwa
81%
56 Maroko
81%
48 Peru
81%
37 Rumunia
81%
68 Wenezuela
81%
69 Białoruś
80%
65 Nowa Zelandia
80%
80 Serbia
80%
70 Słowacja
80%
28 Wietnam
80%
45 Irlandia
79%
23 Nigeria
79%
49 Izrael
78%
19 Tajlandia
78%
97 Urugwaj
78%
100 Luksemburg
77%
73 Bułgaria
76%
82 Chorwacja
76%
54 Węgry
76%
34 Zjednoczone Emiraty Arabskie
76%
90 Demokratyczna Republika Konga
75%
77 Oman
75%
95 Słowenia
73%
61 Uzbekistan
73%
86 Boliwia
72%
59 Katar
72%
94 Paragwaj
72%
21 Tajwan
72%
67 Ekwador
71%
60 Etiopia
71%
31 Bangladesz
69%
38 Singapur
68%
30 Malezja
67%
81 Tunezja
67%
92 Turkmenistan
67%
29 Filipiny
66%
93 Libia
66%
64 Kuwejt
65%
79 Panama
65%
71 Sudan
65%
62 Kenia
64%
58 Birma
63%
96 Afganistan
62%
89 Nepal
62%
75 Azerbejdżan
61%
87 Liban
61%
99 Kambodża
60%
98 Bahrajn
58%
74 Tanzania
58%
66 Dominikana
57%
84 Jordania
57%
88 Kostaryka
57%
63 Angola
52%
72 Ghana
52%
55 Sri Lanka
52%
91 Kamerun
51%
78 Wybrzeże Kości Słoniowej
51%
76 Gwatemala
49%
85 Uganda
45%
Nie znaleziono quizów pasujących do podanych kryteriów
Rozkład punktacji
Procent ludzi z każdym wynikiem
Percentyl według liczby udzielonych odpowiedzi
Twoja historia wyników
Nie rozwiązałeś tego quizu